Statistics for Charlotte Hornets Top 10 Leaders

Click here to take the quiz!

General Stats

  • This quiz has been taken 70 times
    (49 since last reset)
  • The average score is 11 of 25

Answer Stats

Answer % Correct
Kemba Walker
100%
Larry Johnson
76%
Alonzo Mourning
74%
Baron Davis
71%
Marvin Williams
68%
Glen Rice
59%
Muggsy Bogues
56%
Dell Curry
56%
Cody Zeller
53%
Emeka Okafor
53%
Nicolas Batum
50%
Gerald Wallace
50%
Michael Kidd-Gilchrist
44%
Bismack Biyombo
41%
Raymond Felton
29%
D.J. Augustin
29%
Vlade Divac
29%
Gerald Henderson
26%
Brevin Knight
24%
Kendall Gill
24%
David Wesley
21%
Anthony Mason
18%
Elden Campbell
18%
Kenny Gattison
9%
Matt Carroll
6%

Score Distribution

Percentile by Number Answered

Percent of People with Each Score

Your Score History

You have not taken this quiz since the last reset